Pays commençant par G - Statistiques

Statistiques générales
  • Ce quiz a été pris 84 fois
  • Le résultat moyen est 8 sur 11
Statistiques - réponses
Réponse % Correct
Guatemala
85%
Guinée
85%
Gabon
83%
Géorgie
77%
Ghana
76%
Gambie
71%
Guyane
70%
Guinée bissau
68%
Guinée équatoriale
68%
Grèce
66%
Grenade
63%
Aucun quiz correspondant
Distribution des résultats
% des personnes avec chaque résultat
Percentile par nombre de réponses
Votre historique - résultats
Vous n’avez pas pris ce quiz